00224nam a2200097Ia 4500008004100000100002100041245001700062260003000079260000900109300000800118170620s9999 xx 000 0 und d aRyder- Arthur W. 0aPanchatantra bMumbai : Jaico Pub. House c2001 a371